01375nam a2200133 4500008001400000020001800014082001900032100002200051245003200073260005300105300002300158505094400181650011601125972.982 G561p a9789875584655 a972.982bG561p aGlissant, Edouard aPoética de la relación  aArgentinabUniversidad Nacional de Quilmesc2017 a248 p.c20 x 15 cm tPrólogo de la presente edición rManuel Rebón tI. Acercamientos. Un abordaje, mil pasajes tImaginariotLa barca abierta tLa errancia, el exilio tPoéticas tUna errancia arraigada tII. Elementos. Lo elemental se recompone absolutamente tRepeticiones tLa extensión y la filiación tLugar cerrado, palabra abierta tDe un barroco mundializado tAcerca de la información del poema tIII. Caminos. En voz alta, para marcar la distancia tCreolizaciones tDictar, prescribirtConstruir una torre tTransparencia y opacidad tLa playa negra tIV. Teorías. La teoría es ausencia, oscura y propicia tRelacióntLo relativo y el caos tLas distancias determinantestAquello que, aquello que tReligado (relevado), relatado tV. Poética. El ante, múltiple infinito en subsistencia tGeneralizacióntAquello siendo lo que no estPara la opacidad tCírculo abierto, Relación vivida tLa playa ardiente tReferencias xnacionalismo y literatura xMartinica xfrancésxcreolexhistoria - Martinica xlengua y cultura - Martinica